Alle Schiedsrichter der Fußball-Bundesliga - Statistiken

Allgemein
  • Dieses Quiz wurde 599 mal gespielt
    505 seit der letzten Aktualisierung
  • Das Durchschnittsergebnis liegt bei 9 aus 24
Antwortstatistiken
Wohnort Schiedsrichter % Korrekt
Oberasbach Deniz Aytekin
94%
München Dr. Felix Brych
82%
Berlin Felix Zwayer
68%
Hamburg Patrick Ittrich
56%
Berlin Daniel Siebert
44%
Hamburg Tobias Stieler
43%
Niederkassel Sascha Stegemann
42%
Korb Marco Fritz
40%
Hannover Harm Osmers
37%
Bremen Sven Jablonski
37%
Rostock Bastian Dankert
35%
Lebecksmühle Christian Dingert
30%
Windsbach Florian Badstübner
27%
Freiburg Matthias Jöllenbeck
27%
Hannover Robert Schröder
25%
Unterspiesheim Benjamin Brand
24%
Niederbühl Daniel Schlager
24%
Osnabrück Frank Willenborg
21%
Wangen im Allgäu Robert Hartmann
20%
Röthenbach Benjamin Cortus
19%
Wiesbaden Tobias Welz
18%
Stuttgart Martin Petersen
17%
Velen Sören Storks
16%
Stuttgart Tobias Reichel
10%
Keine übereinstimmenden Quizze gefunden
Verteilung der Resultate
Anzahl Personen mit jedem Resultat
Perzentil nach korrekt beantworteten Fragen
Ihre Resultats-Entwicklung
Sie haben dieses Quiz seit der letzten Aktualisierung nicht gespielt